Statystyki dla Skład Polski z meczu Polska vs Japonia Mundial 2018

Kliknij tutaj aby rozwiązać quiz!

Ogólne statystyki

  • Ten quiz został rozwiązany 586 razy
  • Średni wynik to 10 z 14

Statystyki odpowiedzi

PozycjaOdpowiedź% Poprawnych
napastnikRobert Lewandowski
99%
bramkarzŁukasz Fabiański
97%
obrońcaKamil Glik
95%
trenerAdam Nawałka
92%
pomocnikGrzegorz Krychowiak
90%
obrońcaJan Bednarek
88%
pomocnikKamil Grosicki
85%
pomocnikPiotr Zieliński
84%
obrońcaBartosz Bereszyński
73%
obrońcaArtur Jędrzejczyk
56%
napastnikŁukasz Teodorczyk
51%
pomocnikJacek Góralski
44%
pomocnikRafał Kurzawa
41%
pomocnikSławomir Peszko
39%

Rozkład punktacji

Percentyl według liczby udzielonych odpowiedzi

Procent ludzi z każdym wynikiem

Twoja historia wyników

Nie rozwiązałeś tego quizu